[Event "AUS-ch Major"]
[Site "Cammeray"]
[Date "2011.01.06"]
[Round "5"]
[White "Wu, Edwin"]
[Black "Zajac, Maros"]
[Result "0-1"]
[WhiteElo "1870"]
[BlackElo "1963"]
[PlyCount "56"]
[EventDate "2011.01.02"]
[EventType "swiss"]
[EventRounds "11"]
[EventCountry "AUS"]
[SourceTitle "CBM 140 Extra"]
[Source "ChessBase"]
[SourceDate "2011.03.01"]
[SourceVersion "1"]
[SourceVersionDate "2011.03.01"]
[SourceQuality "1"]

1. d4 Nf6 2. Nf3 d6 3. c4 Nc6 4. Nc3 e5 5. d5 Ne7 6. e4 Ng6 7. Bd3 Be7 8. 0-0 Bg4 9. h3 Bd7 10. Ne2 Nh5 11. b4 a5 12. Ba3 Qc8 13. Re1 Bxh3 14. gxh3 Qxh3 15. Ng3 Nxg3 16. fxg3 Qxg3+ 17. Kh1 Nf4 18. Bf1 Nh3 19. Bxh3 Qxh3+ 20. Kg1 axb4 21. Bxb4 h5 22. Kf2 Bh4+ 23. Nxh4 Qxh4+ 24. Ke3 Rh6 25. a3 f5 26. Kd3 Rg6 27. Qb1 Qf2 28. Bd2 Qd4+ 0-1

[Event "AUS-ch Major"]
[Site "Cammeray"]
[Date "2011.01.05"]
[Round "4"]
[White "Zajac, Maros"]
[Black "Myers, Stephen P"]
[Result "1-0"]
[WhiteElo "1963"]
[BlackElo "1805"]
[PlyCount "129"]
[EventDate "2011.01.02"]
[EventType "swiss"]
[EventRounds "11"]
[EventCountry "AUS"]
[SourceTitle "CBM 140 Extra"]
[Source "ChessBase"]
[SourceDate "2011.03.01"]
[SourceVersion "1"]
[SourceVersionDate "2011.03.01"]
[SourceQuality "1"]

1. e4 e6 2. Nc3 d5 3. d3 d4 4. Nce2 e5 5. f4 f6 6. fxe5 fxe5 7. Nf3 Nd7 8. Ng3 Be7 9. Be2 Bf6 10. 0-0 Ne7 11. Bg5 Ng6 12. Qd2 Rf8 13. Nh5 Qe7 14. Ng3 Bxg5 15. Qxg5 Nf4 16. Rae1 Qxg5 17. Nxg5 Nf6 18. h3 Ke7 19. Bd1 g6 20. Nf3 Kd6 21. Nxd4 c5 22. Nf3 Be6 23. Rf2 Rf7 24. Ref1 h6 25. Nxe5 Nxh3+ 26. gxh3 Kxe5 27. Kg2 Raf8 28. c3 Rd8 29. Ne2 Rxd3 30. Nf4 Re3 31. Nxg6+ Kxe4 32. Bc2+ Kd5 33. Nf4+ Kd6 34. Nxe6 Rxe6 35. Bb3 Rg7+ 36. Kh2 Ne4 37. Rd1+ Kc7 38. Re2 Re5 39. Rde1 Rge7 40. Bc2 Nd2 41. Rxe5 Rxe5 42. Rxe5 Nf3+ 43. Kg3 Nxe5 44. Kh4 Kd7 45. Kh5 Ke7 46. Kxh6 Kf6 47. h4 Ng4+ 48. Kh7 a5 49. h5 b5 50. Bd1 Ne5 51. Kg8 Nf7 52. Kf8 Nd6 53. Be2 b4 54. c4 Nf5 55. Ke8 Nd4 56. Bd1 Ne6 57. Kd7 Nf4 58. Kc6 Nd3 59. b3 Kg5 60. Kb5 Nc1 61. Kxc5 Nxa2 62. Kb6 Nc3 63. Bc2 Kxh5 64. Kxa5 Ne2 65. Bd1 1-0

[Event "Wch Silent"]
[Site "St Gallen"]
[Date "2008.07.30"]
[Round "10"]
[White "Strzelecki, Jerzy"]
[Black "Zajac, Maros"]
[Result "1/2-1/2"]
[WhiteElo "2125"]
[BlackElo "1860"]
[PlyCount "36"]
[EventDate "2008.07.20"]
[EventType "swiss"]
[EventRounds "11"]
[EventCountry "SUI"]
[SourceTitle "EXT 2009"]
[Source "ChessBase"]
[SourceDate "2008.11.26"]
[SourceVersion "1"]
[SourceVersionDate "2008.11.26"]
[SourceQuality "1"]

1. c4 Nf6 2. Nc3 d6 3. d4 e5 4. d5 Nbd7 5. e4 Nc5 6. f3 a5 7. Be3 b6 8. Qd2 Be7 9. Nge2 Nfd7 10. b3 Nb8 11. g3 f5 12. Bg2 fxe4 13. fxe4 0-0 14. Rf1 Rxf1+ 15. Kxf1 Nba6 16. Kg1 Bd7 17. Rf1 Qe8 18. Nc1 Qh5 1/2-1/2

[Event "Wch Silent"]
[Site "St Gallen"]
[Date "2008.07.29"]
[Round "9"]
[White "Zajac, Maros"]
[Black "Klasan, Vladimir"]
[Result "0-1"]
[WhiteElo "1860"]
[BlackElo "2330"]
[PlyCount "66"]
[EventDate "2008.07.20"]
[EventType "swiss"]
[EventRounds "11"]
[EventCountry "SUI"]
[SourceTitle "EXT 2009"]
[Source "ChessBase"]
[SourceDate "2008.11.26"]
[SourceVersion "1"]
[SourceVersionDate "2008.11.26"]
[SourceQuality "1"]

1. e4 e5 2. Nf3 Nc6 3. Bb5 f5 4. d3 fxe4 5. dxe4 Nf6 6. Nc3 Bb4 7. Bg5 d6 8. Qd3 Bd7 9. a3 Bxc3+ 10. bxc3 0-0 11. Rd1 Qe8 12. Rb1 Kh8 13. Bxf6 Rxf6 14. Ba4 Qg6 15. Nh4 Qg5 16. g3 Raf8 17. f3 b6 18. 0-0 R6f7 19. Rbe1 g6 20. Re2 Qe7 21. Ref2 Na5 22. Bxd7 Qxd7 23. Qe3 Rf6 24. Qh6 Qg7 25. Qc1 Nb7 26. Ng2 Nc5 27. Ne3 Qh6 28. Qe1 Qh3 29. Ng4 R6f7 30. Qd2 Kg7 31. Qc1 Nxe4 32. Re2 Nxc3 33. Re3 Rxf3 0-1

[Event "SVK-chT2D 0708"]
[Site "Slovakia"]
[Date "2007.11.04"]
[Round "4.38"]
[White "Zajac, Maros"]
[Black "Kantor, Jozef"]
[Result "1-0"]
[WhiteElo "1932"]
[BlackElo "1957"]
[PlyCount "47"]
[EventDate "2007.10.06"]
[EventType "team-tourn"]
[EventRounds "11"]
[EventCountry "SVK"]
[SourceTitle "EXT 2010"]
[Source "ChessBase"]
[SourceDate "2010.11.25"]
[SourceVersion "1"]
[SourceVersionDate "2010.11.25"]
[SourceQuality "1"]
[WhiteTeam "Michalovce Zemplin II"]
[BlackTeam "Kosice Slavia UPJS IV"]
[WhiteTeamCountry "SVK"]
[BlackTeamCountry "SVK"]

1. e4 d6 2. Nc3 g6 3. f4 Bg7 4. Nf3 Nf6 5. Be2 Nc6 6. 0-0 Bg4 7. d3 e5 8. h3 Bxf3 9. Bxf3 Nd4 10. Be3 c6 11. a4 0-0 12. fxe5 dxe5 13. Qd2 Qb6 14. Nd1 Rad8 15. Qf2 c5 16. Kh1 Ne6 17. Nc3 Qxb2 18. Nb5 Nf4 19. Rfb1 Nxd3 20. Rxb2 Nxf2+ 21. Bxf2 Nxe4 22. Bxe4 f5 23. Bxc5 Rf7 24. Nd6 1-0